00263nam a22001097a 4500040000900000082001600009100001900025245006100044260003100105300001000136521000700146 cNUST a363.11bTAY aTaylor, Geoff  aEnhancing Occupational Safety and Health /cGeoff Taylor aLondon :bElsevier;c2004. a618p. bHB